000 00846nam a2200229Ia 4500
001 211
005 20251203123019.0
008 251203t1993||||xx |||||||||||||| ||spa||
020 _a8477647935
041 _aESP
082 _aRDE 463
_bO28
110 _aEditorial Océano
245 0 _aOcéano color. Diccionario enciclopédico universal :
_bVolúmenes 1-6
260 _aBarcelona :
_bEdiciones Océano,
_c1993
300 _aPáginas sin numerar :
_b ilustraciones ;
_c 27 cm.
_e
440 _a
_n
_v
505 _aContiene: Volumen 1: A-Casamiento; Volumen 2: Casampulga-Escombrera; Volumen 3: Escómbrido-Jurado; Volumen 4: Jurador-Parmeliáceo; Volumen 5: Parménides-Semantema; Volumen 6: Semántica-Zworikin-Apéndices-Atlas mundial
650 _aLEN
653 _aDiccionarios del español
654 _aCTP
942 _cDIC
_dJUS
_fTRC
_2ddc
_n
999 _c211
_d211